Biblioteca

Gospel of life : (Registro nro. 65505)

Detalles MARC
000 -LÍDER
Campo fijo de descripción fija 01511nam a2200373 i 4500
001 - NÚMERO DE CONTROL
Campo de control 768714001
003 - IDENTIFICADOR DEL NÚMERO DE CONTROL
Campo de control CO-MdFUSB
005 - FECHA Y HORA DE LA ULTIMA TRANSACCIÓN
control field 20200421115920.0
007 - CAMPO FIJO DE DESCRIPCIÓN FIJA--INFORMACIÓN GENERAL
Campo fijo de descripción fija ta
008 - ELEMENTOS DE LONGITUD FIJA -- INFORMACIÓN GENERAL
Campo fijo de descripción fija -- Información general 200324t1992 -us |||| |||| 00| 0 eng d
020 ## - NÚMERO INTERNACIONAL NORMALIZADO PARA LIBROS
Número Internacional Normalizado del libro 9780943575766
040 ## - FUENTE DE CATALOGACIÓN
Agencia de catalogación original CO-MdFUSB
Idioma de catalogación spa
Agencia que realiza la transcripción CO-MdFUSB
Agencia que realiza la modificación CO-MdFUSBC
Convenciones de la descripción rda
041 ## - CÓDIGO DE IDIOMA
Código de idioma para texto/pista de sonido o título separado eng
082 ## - NÚMERO DE CLASIFICACIÓN DECIMAL DEWEY
Número de la edición del Dewey 23
Número de clasificación 226.506
Clave de autor-Numero de item B368
100 ## - ASIENTO PRINCIPAL--NOMBRE PERSONAL
Nombre personal Beasley-Murray, G.R.
Término relacionador autor
242 ## - TRADUCCIÓN DEL TÍTULO POR AGENCIA CATALOGADORA
Título Evangelio de vida :
Parte restante del título - Subtítulo Teologían en el cuarto evangelio.
Idioma del título original inglés
245 1# - TÍTULO
Título del Material Gospel of life :
Parte restante del título - Subtitulo theology in the fourth gospel.
Mención de responsabilidad, etc. / G.R. Beasley-Murray,
264 #1 - PRODUCCIÓN, PUBLICACIÓN, DISTRIBUCIÓN, MANUFACTURA, Y COPYRIGHT
Lugar de producción, publicación, distribución, manufactura Estados Unidos :
Nombre del productor, publicador, distribuidor Hendrickson Publishers,
Fecha de producción, publicación, distribución, manufactura, o copyright [1992]
264 #4 - PRODUCCIÓN, PUBLICACIÓN, DISTRIBUCIÓN, MANUFACTURA, Y COPYRIGHT
Fecha de producción, publicación, distribución, manufactura, o copyright © 1992
300 ## - DESCRIPCIÓN FÍSICA
Extensión 131 páginas
Dimensiones ; 23 cm
336 ## - TIPO DE CONTENIDO
Fuente rdacontent
Término de tipo de contenido texto
Código de tipo de contenido txt
337 ## - TIPO DE MEDIO
Fuente rdamedia
Nombre del tipo de medio sin mediación
Código del tipo de medio n
338 ## - TIPO DE SOPORTE
Fuente rdacarrier
Nombre del tipo de soporte volumen
Código Tipo de soporte nc
500 ## - NOTA GENERAL
Nota General Colección Dawn Christina Harrell
505 ## - NOTA DE CONTENIDO
Nota de contenido con formato preestablecido El evangelio de vida -- La misión de Dios -- El levantamiento del hijo del hombre -- El ministerio del Espíritu Santo -- Iglesia y ministerio en el cuarto evangelio -- Sacramentos en el cuarto evangelio.<br/>
505 #0 - NOTA DE CONTENIDO
Nota de contenido con formato preestablecido The mission of the Son of God -- The lifting up of the Son of Man -- The ministry of the Holy Spirit -- Church and ministry in the fourth Gospel -- Sacraments in the fourth Gospel.
563 ## - NOTA DE ENCUADERNACIÓN
Nota de encuadernación Rùstico
630 #7 - TITULO UNIFORME
Título uniforme Biblia.
Nombre de parte o sección de la obra Juan
Subdivisión de materia general Crítica, interpretación, etc.
650 #0 - ASIENTO SECUNDARIO DE MATERIA - TERMINO TEMÁTICO
9 (RLIN) 16
Término temático o nombre geográfico como elemento de entrada Biblia
653 ## - TÉRMINO DE INDIZACIÓN - NO CONTROLADO
Término no controlado Cuarto evangelio.
942 ## - TIPO DE MATERIAL (KOHA)
Tipo de Item KOHA Libros General
945 ## - INFORMACIÓN LOCAL DEL REGISTRO
Catalogador JTF-925
Revisión registro AEM-53
Existencias
Estado de Material Estado de Perdido Forma de Clasificación Estado de Dañado No para Préstamo Colección Biblioteca de Origen Biblioteca Permanente Fecha de Adquisición Forma de Adquisición Área Total de Préstamos Signatura Topográfica Código de Barras Última vez visto Última vez Préstado Ejemplar/Existencia Fecha de Remplazo Tipo de Material
    Dewey Decimal Classification     Colección General Biblioteca FUSBC Biblioteca FUSBC 24/03/2020 Colección Dawn Christina Harrell BIBLIA 1 G 226.506 B368g 21195 22/04/2024 18/04/2024 Ej.1 24/03/2020 Libros General

Biblioteca FUSBC | Teléfono: (57+4) 349 88 10 Ext. 141| WhatsApp (+57) 3005338115 
E-mail: biblioteca@unisbc.edu.co | Calle 76 87-14 Robledo Palenque, Medellín, Colombia

Con tecnología Koha